00769 2200253 4500001002100000005001700021008004100038020001800079035002500097082001100122090001800133100001700151245011700168250001200285260002500297300003800322440002200360500003100382500003100413650002600444700001800470850001200488990001500500YOGYA-0209000000454320150428114806.0 ind  a979-431-037-9 a0010-020900000004543 a001.56 a001.56bPea B aPEASE, Allan aBahasa tubuhbbagaimana membaca pikiran seseorang melalui gerak isyaratcAllan Pease ; alih bahasa, Arum Gayatri aCet. 10 aJakartabArcanc1993 aviii, 167 hlm. :bilus. ;c24 cm. aPsikologi populer aBibliografi : hlm. 165-167 aJudul asli : Body language aKomunikasi non verbal aGayatri, Arum aYOPDYOG a52299-P/94